000
002410000a22000970004500
100
1
_a
Escandón, Rafael
245
1
0
_a
Ocupa tu puesto
300
_a
Vol. 51, Núm 225 (1996), Páginas 11-13
773
0
_t
La Biblia de las Américas
942
_c
ANA
999
_c
51437
_d
51437